000
00279nam a22001337a 4500
008
170912b xxu||||| |||| 00| 0 eng d
020
_a
9789951000758
041
_a
ALB
080
_a
53
100
_a
43
101
_a
FIZ
245
_a
FIZIKA
_c
SKENDERI.S.S.H
942
_2
udc
_c
BK
999
_c
27360
_d
27360